00256 a2200097 4500001000700000040003500007100002000042240004600062245004100108362000900149148628 cEscola São Tomás de Aquino aPESTILLI, Ellen10aTão longe e tão perto dos bichoslpor10aTão longe e tão perto dos bichos0 a2006